Malířský cech Menšího Města pražského : malostranští umělci v 17. a 18. století : edice /

Hlavní autor: Heisslerová, Radka, 1980-
Jazyk: Němčina
Čeština
Vydáno: V Praze : Národní galerie, 2016
Edice: Umění v archivu
Témata:
Fyzický popis: 275 stran : ilustrace (převážně barevné), faksimile ; 24 cm
Language note: Částečně německý text, německé resumé
Knihy
Uloženo v:
LEADER 02570nam a2200685 i 4500
001 nkc20172887121
003 CZ PrNK
005 20180731093812.0
007 ta
008 170322s2016 xr ah f 001 0dcze
015 |a cnb002887121 
020 |a 978-80-7035-627-2  |q (brožováno) 
035 |a (OCoLC)989907843 
040 |a BOA001  |b cze  |d ABA001  |e rda 
041 0 |a cze  |a ger  |b ger 
043 |a e-xr---  |b e-xr-pg  |2 czenas 
045 |a u-v- 
072 7 |a 75  |x Malířství  |2 Konspekt  |9 21 
080 |a 334.782:75  |2 MRF 
080 |a 75.071.1  |2 MRF 
080 |a 67/68-051  |2 MRF 
080 |a 929  |2 MRF 
080 |a (437.311)  |2 MRF 
080 |a (048.8)  |2 MRF 
080 |a (093)  |2 MRF 
080 |a (0:82-94)  |2 MRF 
100 1 |a Heisslerová, Radka,  |d 1980-  |7 mzk2009517594  |4 aut 
245 1 0 |a Malířský cech Menšího Města pražského :  |b malostranští umělci v 17. a 18. století : edice /  |c Radka Heisslerová 
246 3 0 |a Malostranští umělci v 17. a 18. století 
264 1 |a V Praze :  |b Národní galerie,  |c 2016 
300 |a 275 stran :  |b ilustrace (převážně barevné), faksimile ;  |c 24 cm 
336 |a text  |b txt  |2 rdacontent 
336 |a statický obraz  |b sti  |2 rdacontent 
337 |a bez média  |b n  |2 rdamedia 
338 |a svazek  |b nc  |2 rdacarrier 
490 1 |a Umění v archivu 
504 |a Obsahuje bibliografii, bibliografické odkazy a rejstřík 
546 |a Částečně německý text, německé resumé 
648 7 |a 17.-18. století  |7 ch757024  |2 czenas 
650 0 7 |a malířské cechy  |7 ph122598  |z Česko  |y 17.-18. století  |2 czenas 
650 0 7 |a malíři  |7 ph122596  |z Česko  |y 17.-18. století  |2 czenas 
650 0 7 |a řemeslníci  |7 ph128290  |z Česko  |y 17.-18. století  |2 czenas 
650 0 9 |a painters' guilds  |z Czechia  |y 17th-18th centuries  |2 eczenas 
650 0 9 |a painters  |z Czechia  |y 17th-18th centuries  |2 eczenas 
650 0 9 |a craftsmen  |z Czechia  |y 17th-18th centuries  |2 eczenas 
651 7 |a Malá Strana (Praha, Česko)  |7 ge128513  |2 czenas 
651 9 |a Malá Strana (Prague, Czechia)  |2 eczenas 
655 7 |a monografie  |7 fd132842  |2 czenas 
655 7 |a dokumenty  |7 fd132064  |2 czenas 
655 7 |a medailony  |7 fd185951  |2 czenas 
655 9 |a monographs  |2 eczenas 
655 9 |a documents  |2 eczenas 
655 9 |a biographical portraits  |2 eczenas 
830 0 |a Umění v archivu  |0 s 
910 2 |a BOA001  |b 2-1385.842 
928 9 |a Národní galerie v Praze 
990 |a BK 
995 |a 01 
991 |b 201704  |c NOV 
996 6 |b 2610704515  |c 2-1385.842  |l MZK  |r Sklad / do 1 hodiny  |n 3  |p p.v.  |w 001607007  |u 000010  |a 1  |e BOA001  |j MZK50  |s P